00330nam a22000857a 4500008004100000040005500041245003900096260007500135490003400210240730b |||||||| |||| 00| 0 eng d aNational Science LibrarycNational Science Library aIparvallalati vezetes es szervezes aBudapest: bOrszagos Muszaki Konyvtar Es Dokumentacios Kozpont, c1966 aTemadokumentacios kiadvanyok